| 000 | 00506nam a2200181Ia 4500 | ||
|---|---|---|---|
| 001 | 20490 | ||
| 003 | IN-NITTTR | ||
| 005 | 20251114233234.0 | ||
| 008 | 251113s9999||||xx |||||||||||||| ||eng|| | ||
| 040 | _beng | ||
| 040 | _cIN-NITTTR | ||
| 041 | _aeng | ||
| 082 | _a428.2402461 G485E | ||
| 100 | _aGlendinning, Eric H. | ||
| 245 | 0 |
_aEnglish in medicine : _b A course in communication skills. / _cGlendinning, Eric H., Holmstrom, Beverly A. S. |
|
| 700 | _a Holmstrom, Beverly A. S. | ||
| 942 |
_2ddc _cBK |
||
| 999 |
_c23123 _d23123 |
||